000 00559nam a2200157 4500
001 138312
003 ES-MaACL
007 t|
008 070214s1968 sp r ||||1| spa d
100 1 _aSanchís Llorens, Rogelio.
_9103015
245 1 0 _aAlcoy y su monasterio del Santo Sepulcro
_b: (1568-1968) /
_cRogelio Sanchís Llorens.
260 _aAlcoy :
_bInstituto Alcoyano de Cultura `Andrés Sempere`,
_c1968.
300 _a257 p., 10 lám. ;
_c24 cm.
710 2 _aInstituto Alcoyano de Cultura "Andrés Sempere"
_94790
852 _aES-MaACL
_jB-8568
_bR.66720
999 _c138312
_d138312